| 000 | 00727 a2200265 4500 | ||
|---|---|---|---|
| 260 | _aUSA | ||
| 100 | _aRUDDLE, Kenneth | ||
| 700 | 1 | _aRONDINELLI, A. Dennis | |
| 440 | _n1 | ||
| 260 | _bThe United Nations University | ||
| 245 | _aTransforming natural resources for human development : a resource systems framework for development policy | ||
| 300 | _aVIII-87p. | ||
| 650 | _aRESSOURCE NATURELLE | ||
| 650 | _aPOLITIQUE DE DEVELOPPEMENT | ||
| 260 | _c1983 | ||
| 300 | _bfig. | ||
| 130 | _lEn | ||
| 440 | _aResource Systems Theory and Methodology | ||
| 690 | _aNATURAL RESOURCES | ||
| 690 | _aHUMAN DEVELOPMENT | ||
| 690 | _aDEVELOPMENT POLICY | ||
| 020 | _a92-808-0469-3 | ||
| 999 |
_c27564 _d27564 |
||